| 000 | 01150nam a2200217Ii 4500 | ||
|---|---|---|---|
| 003 | JO-AjNU | ||
| 008 | 230605s9999||||xx |||||||||||||| ||und|| | ||
| 017 | _a1999/3073 | ||
| 020 | _a9960-693-40-6 | ||
| 040 |
_aJO-AjNU _bara _erda _cJO-AjNU |
||
| 041 | _aara | ||
| 050 | 1 | 4 | _aDS248.M4.H912512 1999 |
| 100 | 3 |
_aتاليف هورخرونيه، ك. سنوك؛ تعريب علي عودة الشيوخ؛ اعداد وتعليق محمد محمود السرياني ، اعداد وتعليق معراج نواب مزرا؛ مراجعة محمد ابراهيم علي, _eauthor _956899 |
|
| 245 | 0 | 0 | _aصفحات من تاريخ مكة المكرمة: دراسة للأوضاع السياسية والاقتصادية والاجتماعية من البعثة النبوية الشريفة وحتى نهاية القرن الثالث عشر الهجري، ج1 |
| 264 | 3 | 1 | _aالرياض: دار الملك عبد العزيز، 1999 |
| 300 | _aج1، 307ص | ||
| 336 |
_atext _btxt _2rdacontent |
||
| 337 |
_aunmediated _bn _2rdamedia |
||
| 338 |
_avolume _bnc _2rdacarrier |
||
| 650 | 4 |
_aمكة المكرمة - تاريخ - رحلات ووصف _956900 |
|
| 999 |
_aA25466 _c29034 _d29034 |
||